| 000 | 00725nam a2200181 a 4500 | ||
|---|---|---|---|
| 003 | 0 | ||
| 005 | 20250603145332.0 | ||
| 008 | 021203s19uu xx 00 eng d | ||
| 050 |
_aPHS HV 5825 _b.C35 2001 |
||
| 100 | _aCalabig, Alphonse Joseph Ochoa. | ||
| 245 |
_aPerceptions of rehabilitated drug addicts on their adjustments with the rehabilitation facility / _cAlphonse Joseph Ochoa Calabig. |
||
| 260 |
_aLas PiƱas City, Philippines : _bSouthville International School and Colleges, _c2001. |
||
| 300 |
_a30 pages : _billustrations ; _c28 cm. |
||
| 650 |
_aRehabilitation centers _xPatients _vAttitudes. |
||
| 650 |
_aRehabilitation _xPsychological aspects. |
||
| 650 |
_aDrug addicts _xRehabilitation. |
||
| 942 |
_2lcc _cPASS |
||
| 999 |
_c96539 _d96539 |
||